Equipes AS Monaco vs Juventus Turin / demi-finale C1 - Statistiques

Statistiques générales
  • Ce quiz a été pris 335 fois
  • Le résultat moyen est 22 sur 38
Statistiques - réponses
N Poste Joueurs % Correct
29 A K. Mbappé
95%
9 A R. Falcao
92%
1 G G. Buffon
91%
1 G D. Subasic
86%
19 D L. Bonucci
85%
3 D G. Chiellini
84%
10 M B. Silva
83%
19 D D. Sidibé
82%
2 M Fabinho
81%
27 M T. Lemar
80%
9 A G. Higuain
77%
25 D K. Glik
77%
21 A P. Dybala
77%
14 M T. Bakayoko
75%
15 D A. Barzagli
73%
17 A M. Mandzukic
68%
E L. Jardim
67%
8 M C. Marchisio
64%
5 D Jemerson
64%
23 D D. Alves
63%
18 A V. Germain
60%
8 M J. Moutinho
57%
E M. Allegri
57%
24 D A. Raggi
56%
5 M M. Pjanic
56%
12 D Alex Sandro
51%
7 M J. Cuadrado
51%
7 D N. Dirar
44%
38 D A. Touré
35%
4 D M. Benatia
26%
16 G M. De Sanctis
25%
6 D Jorge
20%
22 D K. Asamoah
19%
18 M M. Lemina
19%
25 G Neto
18%
26 D S. Lichsteiner
16%
33 A I. Cardona
14%
28 M T. Rincon
7%
Aucun quiz correspondant
Distribution des résultats
% des personnes avec chaque résultat
Percentile par nombre de réponses
Votre historique - résultats
Vous n’avez pas pris ce quiz